000 00392nam a2200157Ia 4500
003 Ost
005 20260225132538.0
008 260225s9999||||xx |||||||||||||| ||und||
040 _cfsic
041 _afre
082 _a301.02
100 _aMaurice angers
_eAuteur
245 0 _aInitiation pratique à la méthodologie des sciences humaines /
245 0 _cMaurice angers
942 _cكتاب
999 _c33361
_d33361